000 00757nam a2200205 a 4500
008 951211s1981||||[C 0 slo c
020 _c16 Kčs.
_q(18000 výtl.)
040 _aSNK
_bslo
_cSNK
_eAACR2
041 1 _aslo
_hrus
044 _axo
_cSK
080 _a1 100.1(081.12)
100 1 _aLenin, Vladimir Iľjič
_4aut
245 1 0 _aZobrané spisy. /Zv./ 12
_bOktóber 1905 - apríl 1906
_cVladimir Iľjič Lenin ; Oto Takáč
250 _a2., vyd.
260 _aBratislava
_bPravda
_c1981
_eBratislava
_fPravda
300 _a659 s., 30,52 AH
_c21 cm
500 _aLit. 65. Zozn. nenájdených prác. Reg. lit. prác a menný. Životopisné údaje. Rkp. 65 zázn. lit. o čl. a novinách v jaz. slov. a rus.
700 1 _aTakáč, Oto
_4bkd
958 _aA
999 _c15433
_d15433